000
00242nam a2200097Ia 4500
082
_a
EJF DUNB
245
0
_a
Tiger-lily gold
100
_a
DUNBAR, Fiona London, 2009
_9
75892
942
_c
BK
008
210817s9999 xx 000 0 und d
999
_c
251497
_d
251496